The United States specialized catalog of first day covers (1961 - 28th Ed) (Record no. 3007)

000 -LEADER
fixed length control field 00371nam a22000977a 4500
008 - FIXED-LENGTH DATA ELEMENTS--GENERAL INFORMATION
fixed length control field 191125b ||||| |||| 00| 0 eng d
100 ## - MAIN ENTRY--AUTHOR'S NAME
Author's Name August, Leo
245 ## - TITLE STATEMENT
Title The United States specialized catalog of first day covers (1961 - 28th Ed)
260 ## - PUBLICATION, DISTRIBUTION, ETC. (IMPRINT)
Place of publication, distribution, etc. Newark
Name of publisher, distributor, etc. August & Biddelman
Date of publication, distribution, etc. 1961
650 ## - TOPICAL TERM (Tag)
Topical term or geographic name United States | First Days | Covers | Catalogs and Price Lists | United Nations
Holdings
Withdrawn status Lost status Source of classification or shelving scheme Damaged status Koha normalized classification for sorting Not for loan Permanent Location Current Location Shelving location Date acquired Total Checkouts Full call number Barcode Date last seen Price effective from Public note
        G3701 F527 U586   Northern Philatelic Library Northern Philatelic Library General Stacks 11/25/2019   G3701 F527 U586 1002115 11/25/2019 11/25/2019 28th edition 1961

Powered by Koha